Návrh štruktúry verejného informačného portálu o elektronickom podnikaní

Analýza niekoľkých svetových informačných portálov s tematikou elektronického podnikania. Obsahová náplň a prezentácia poznatkov. Aktivity na podporu elektronického obchodu a prepojenie portálov na aktuálne trhové prostredie. Definovanie požiadaviek na kvalitný informačný portál a jeho aplikácia na...

Description complète

Enregistré dans:
Détails bibliographiques
Auteur principal: Kastl, Daniel
Format: Chapitre de livre
Langue:slovaque
Sujets:
Tags: Ajouter un tag
Pas de tags, Soyez le premier à ajouter un tag!

MARC

LEADER 00000naa$a2200000$$$4500
001 0050310
005 20240502083131.8
041 0 |a slo 
044 |a CZ 
245 1 0 |a Návrh štruktúry verejného informačného portálu o elektronickom podnikaní  |c Daniel Kastl 
520 |a Analýza niekoľkých svetových informačných portálov s tematikou elektronického podnikania. Obsahová náplň a prezentácia poznatkov. Aktivity na podporu elektronického obchodu a prepojenie portálov na aktuálne trhové prostredie. Definovanie požiadaviek na kvalitný informačný portál a jeho aplikácia na podmienky Slovenska. 
610 2 0 |a podnikanie elektronické 
610 2 0 |a zdroje informačné elektronické 
610 2 0 |a internet 
610 2 0 |a vláda 
610 2 0 |a Kanada 
610 2 0 |a Írsko 
610 2 0 |a Nový Zéland 
610 2 0 |a Slovensko 
100 1 |a Kastl, Daniel